| 000 | 00449nam a22001457a 4500 | ||
|---|---|---|---|
| 020 | _a9789350234884 | ||
| 082 | _a005.133 BAI | ||
| 100 | _aBai, Giulio | ||
| 245 | _aJQuery mobile first look discover the endless possibilities offered by jQuery mobile for rapid mobile web development | ||
| 260 |
_aSPD Publishing _bNew Delhi _c2011 |
||
| 300 |
_a198p. : _e25 cm |
||
| 650 | _aQuery languages (Computer science) | ||
| 700 | _aGiulio Bai | ||
| 942 | _cBK | ||
| 999 |
_c11649 _d11649 |
||